000
00271nam a22001097a 4500
008
170105b xxu||||| |||| 00| 0 eng d
020
_a
9781582553221
041
_a
eng
080
_2
25TH
_a
618.2
245
_a
NURSING 2005 DRUG HANDBOOK
_c
WILLIAMS & WILKINS
942
_2
udc
_c
BK
999
_c
2575
_d
2575